[Event "HUN-chT2 Szechenyi 1819"]
[Site "Hungary"]
[Date "2019.01.27"]
[Round "4.9"]
[White "Suket, Ferenc"]
[Black "Kiss, Balazs4444"]
[Result "1/2-1/2"]
[WhiteElo "1844"]
[BlackElo "1935"]
[PlyCount "75"]
[EventDate "2018.10.28"]
[EventType "team-tourn"]
[EventRounds "9"]
[EventCountry "HUN"]
[SourceTitle "EXT 2021"]
[Source "ChessBase"]
[SourceDate "2020.10.23"]
[SourceVersion "1"]
[SourceVersionDate "2020.10.23"]
[SourceQuality "1"]
[WhiteTeam "Keszthely Spartacus"]
[BlackTeam "Gyor Elektromos"]
[WhiteTeamCountry "HUN"]
[BlackTeamCountry "HUN"]

1. e4 c6 2. d4 d5 3. e5 Bf5 4. Bd3 Bxd3 5. Qxd3 e6 6. f4 Ne7 7. Be3 Nd7 8. Nf3 Qb6 9. b3 Nf5 10. Bf2 c5 11. c3 cxd4 12. cxd4 Bb4+ 13. Nbd2 Rc8 14. 0-0 Rc3 15. Qe2 0-0 16. Rfc1 Rfc8 17. Rxc3 Rxc3 18. g4 Nh6 19. h3 Qc6 20. Be3 a6 21. Ne1 Rc1 22. Rxc1 Qxc1 23. Kf2 Qc6 24. Qd3 f6 25. Qc2 f5 26. Qxc6 bxc6 27. g5 Nf7 28. Nd3 Bc3 29. Nb1 Ba5 30. b4 Bb6 31. Nc5 Nxc5 32. dxc5 Bc7 33. Bd4 a5 34. a3 axb4 35. axb4 Kf8 36. h4 g6 37. Nc3 Ke7 38. Ke2 1/2-1/2

[Event "HUN-chT2 Szechenyi 1819"]
[Site "Hungary"]
[Date "2018.10.28"]
[Round "1.10"]
[White "Suket, Ferenc"]
[Black "Kiss, Gergely1111"]
[Result "1/2-1/2"]
[WhiteElo "1844"]
[BlackElo "1701"]
[PlyCount "47"]
[EventDate "2018.10.28"]
[EventType "team-tourn"]
[EventRounds "9"]
[EventCountry "HUN"]
[SourceTitle "EXT 2021"]
[Source "ChessBase"]
[SourceDate "2020.10.23"]
[SourceVersion "1"]
[SourceVersionDate "2020.10.23"]
[SourceQuality "1"]
[WhiteTeam "Keszthely Spartacus"]
[BlackTeam "Tapolca VSE II"]
[WhiteTeamCountry "HUN"]
[BlackTeamCountry "HUN"]

1. e4 c6 2. d4 d5 3. e5 Bf5 4. Bd3 Bxd3 5. Qxd3 Qa5+ 6. Bd2 Qa6 7. Qxa6 Nxa6 8. Ne2 e6 9. a3 c5 10. c3 c4 11. Be3 Ne7 12. f4 h5 13. Nd2 Rc8 14. 0-0 Nf5 15. Bf2 Be7 16. Nf3 Nb8 17. Rfb1 Nc6 18. b4 cxb3 19. Rxb3 Na5 20. Rb5 b6 21. Nd2 0-0 22. g3 Rc7 23. Kg2 g6 24. h3 1/2-1/2

[Event "HUN-chT2 Szechenyi 1617"]
[Site "Hungary"]
[Date "2016.10.09"]
[Round "2.8"]
[White "Katona, Janos"]
[Black "Suket, Ferenc"]
[Result "1/2-1/2"]
[WhiteElo "1902"]
[BlackElo "1832"]
[PlyCount "131"]
[EventDate "2016.09.25"]
[EventType "team-tourn"]
[EventRounds "11"]
[EventCountry "HUN"]
[SourceTitle "EXT 2021"]
[Source "ChessBase"]
[SourceDate "2020.10.23"]
[SourceVersion "1"]
[SourceVersionDate "2020.10.23"]
[SourceQuality "1"]
[WhiteTeam "Sarvar"]
[BlackTeam "Keszthely Spartacus"]
[WhiteTeamCountry "HUN"]
[BlackTeamCountry "HUN"]

1. d4 d5 2. Nf3 e6 3. c4 Bb4+ 4. Nc3 dxc4 5. Qa4+ Nc6 6. e3 Bd7 7. Qc2 b5 8. Bd2 a6 9. a4 Na5 10. Ne4 Nb3 11. Rd1 Nxd2 12. Nfxd2 Nf6 13. Nc3 c6 14. Be2 0-0 15. 0-0 Qb6 16. Bf3 Rab8 17. Nde4 Nxe4 18. Nxe4 h6 19. Qe2 Rbd8 20. Bh5 c5 21. Bf3 cxd4 22. Rxd4 Bc6 23. Rfd1 Rxd4 24. Rxd4 Rd8 25. Nf6+ gxf6 26. Rxd8+ Qxd8 27. Bxc6 Qb6 28. axb5 axb5 29. Be4 f5 30. Bb1 Bf8 31. g4 fxg4 32. Qxg4+ Bg7 33. Qe2 Qc5 34. Qc2 b4 35. Qc1 Qg5+ 36. Kf1 Qh4 37. Kg1 Qg5+ 38. Kf1 Qe5 39. Qxc4 Qxb2 40. Bc2 Qa1+ 41. Kg2 Qa5 42. f4 Qb6 43. Kf3 Qd6 44. Bb3 Qe7 45. Qc8+ Bf8 46. Qc2 Qh4 47. Qg2+ Bg7 48. Ke2 Qh5+ 49. Kf2 Qh4+ 50. Ke2 Qf6 51. Qa8+ Bf8 52. Qg2+ Qg7 53. Qxg7+ Kxg7 54. Kf3 h5 55. e4 Be7 56. h3 Bh4 57. Ke3 Be1 58. e5 Kf8 59. Ke4 Ke7 60. f5 exf5+ 61. Kxf5 Bg3 62. e6 fxe6+ 63. Bxe6 Kd6 64. Bf7 h4 65. Kg4 Kc5 66. Kf3 1/2-1/2

[Event "HUN-chT2 Szechenyi 1617"]
[Site "Hungary"]
[Date "2016.09.25"]
[Round "1.9"]
[White "Szabo, Laszlo3333"]
[Black "Suket, Ferenc"]
[Result "1/2-1/2"]
[WhiteElo "2015"]
[BlackElo "1832"]
[PlyCount "119"]
[EventDate "2016.09.25"]
[EventType "team-tourn"]
[EventRounds "11"]
[EventCountry "HUN"]
[SourceTitle "EXT 2021"]
[Source "ChessBase"]
[SourceDate "2020.10.23"]
[SourceVersion "1"]
[SourceVersionDate "2020.10.23"]
[SourceQuality "1"]
[WhiteTeam "Gyor Szechenyi"]
[BlackTeam "Keszthely Spartacus"]
[WhiteTeamCountry "HUN"]
[BlackTeamCountry "HUN"]

1. e4 e5 2. Nf3 Nc6 3. Bb5 d6 4. d4 exd4 5. Nxd4 Bd7 6. Nc3 Nxd4 7. Qxd4 Bxb5 8. Nxb5 a6 9. Nc3 Nf6 10. Bg5 Be7 11. 0-0 0-0 12. Rfe1 h6 13. Bh4 Nd7 14. Bxe7 Qxe7 15. Rad1 Nf6 16. Nd5 Nxd5 17. Qxd5 Rab8 18. Re3 Qe5 19. Qxe5 dxe5 20. Rd5 Rfe8 21. Rd7 Red8 22. Red3 Rxd7 23. Rxd7 Rc8 24. Rd5 Re8 25. Rd7 Rc8 26. Re7 f6 27. Rd7 b5 28. h4 h5 29. Kf1 c5 30. Ke2 Rc6 31. f3 Kh7 32. g4 hxg4 33. fxg4 Kh6 34. Ke3 Kg6 35. c3 c4 36. a3 Kh6 37. Rd5 Rb6 38. Kd2 Re6 39. Kc2 g6 40. Rd7 Rc6 41. Kd2 f5 42. exf5 gxf5 43. gxf5 Rf6 44. Re7 Rxf5 45. Re6+ Kh5 46. Rxa6 Rf2+ 47. Kc1 Rf1+ 48. Kc2 Rf2+ 49. Kb1 Kxh4 50. Rb6 e4 51. Rxb5 e3 52. Re5 e2 53. Kc1 Kg4 54. Kd2 e1Q+ 55. Kxe1 Rxb2 56. Re4+ Kf3 57. Rxc4 Ke3 58. Kd1 Kd3 59. Rb4 Ra2 60. Rd4+ 1/2-1/2

[Event "HUN-chT2 Szechenyi 1314"]
[Site "Hungary"]
[Date "2014.04.27"]
[Round "11.5"]
[White "Suket, Ferenc"]
[Black "Nemeth, Jozsef"]
[Result "0-1"]
[WhiteElo "1953"]
[BlackElo "2099"]
[PlyCount "100"]
[EventDate "2013.09.08"]
[EventType "team-tourn"]
[EventRounds "11"]
[EventCountry "HUN"]
[SourceTitle "EXT 2016"]
[Source "ChessBase"]
[SourceDate "2015.10.08"]
[SourceVersion "1"]
[SourceVersionDate "2015.10.08"]
[SourceQuality "1"]
[WhiteTeam "Keszthely Spartacus"]
[BlackTeam "Zala Volan"]
[WhiteTeamCountry "HUN"]
[BlackTeamCountry "HUN"]

1. e4 c5 2. Nf3 Nc6 3. d4 cxd4 4. Nxd4 g6 5. Nxc6 bxc6 6. Bc4 Bg7 7. 0-0 d6 8. c3 Nf6 9. Qe2 Qc7 10. h3 0-0 11. Re1 Nd7 12. Nd2 Ne5 13. Bb3 a5 14. f4 Ba6 15. c4 Nd7 16. Rb1 Rfe8 17. Qe3 c5 18. Kh1 Nb6 19. Qd3 Rad8 20. Qc2 Qc6 21. a3 Qd7 22. Nf3 Bb7 23. Bd2 Ra8 24. Bc3 Bh6 25. Bd2 f5 26. exf5 Bxf3 27. gxf3 Rf8 28. Qe4 Rxf5 29. Qxe7 Bxf4 30. Qxd7 Nxd7 31. Bc2 Bxd2 32. Bxf5 gxf5 33. Re7 Ne5 34. Rg1+ Ng6 35. h4 Kh8 36. Rd7 Be3 37. Rg2 Bd4 38. Rxd6 Nxh4 39. Rg5 Re8 40. f4 Re1+ 41. Kh2 Nf3+ 42. Kg2 Nxg5 43. fxg5 Rg1+ 44. Kf3 Rf1+ 45. Ke2 Rf2+ 46. Kd3 Rxb2 47. Rd5 Rb3+ 48. Ke2 Rxa3 49. Rxf5 Kg7 50. Rd5 Kg6 0-1

[Event "HUN-chT2 Szechenyi 1314"]
[Site "Hungary"]
[Date "2014.02.09"]
[Round "6.5"]
[White "Suket, Ferenc"]
[Black "Szukics, Adam"]
[Result "1/2-1/2"]
[WhiteElo "1953"]
[BlackElo "1894"]
[PlyCount "39"]
[EventDate "2013.09.08"]
[EventType "team-tourn"]
[EventRounds "11"]
[EventCountry "HUN"]
[SourceTitle "EXT 2016"]
[Source "ChessBase"]
[SourceDate "2015.10.08"]
[SourceVersion "1"]
[SourceVersionDate "2015.10.08"]
[SourceQuality "1"]
[WhiteTeam "Keszthely Spartacus"]
[BlackTeam "Szombathely Haladas III"]
[WhiteTeamCountry "HUN"]
[BlackTeamCountry "HUN"]

1. e4 e5 2. Nf3 Nc6 3. Bc4 Bc5 4. c3 Nf6 5. d4 exd4 6. e5 d5 7. Bb5 Ne4 8. cxd4 Bb4+ 9. Bd2 Nxd2 10. Nbxd2 Bg4 11. Qa4 Bxd2+ 12. Nxd2 Bd7 13. Nf3 a6 14. Bxc6 Bxc6 15. Qc2 Bb5 16. a4 Bd7 17. h3 0-0 18. 0-0 a5 19. Rac1 c6 20. Qd2 1/2-1/2

[Event "HUN-chT2 Szechenyi 1213"]
[Site "Hungary"]
[Date "2012.10.07"]
[Round "2.2"]
[White "Koczka, Zsolt"]
[Black "Suket, Ferenc"]
[Result "1-0"]
[WhiteElo "2254"]
[BlackElo "2008"]
[PlyCount "79"]
[EventDate "2012.09.16"]
[EventType "team-tourn"]
[EventRounds "11"]
[EventCountry "HUN"]
[SourceTitle "EXT 2014"]
[Source "ChessBase"]
[SourceDate "2013.11.20"]
[SourceVersion "1"]
[SourceVersionDate "2013.11.20"]
[SourceQuality "1"]
[WhiteTeam "Ajka Banyasz"]
[BlackTeam "Keszthely"]
[WhiteTeamCountry "HUN"]
[BlackTeamCountry "HUN"]

1. d4 d5 2. c4 e6 3. Nc3 Bb4 4. cxd5 exd5 5. Nf3 Nf6 6. Qb3 Be7 7. Bf4 c6 8. e3 0-0 9. Bd3 Nh5 10. Bg3 f5 11. Be5 Bd6 12. Qc2 h6 13. Bxd6 Qxd6 14. Ne5 Nd7 15. f4 Nxe5 16. fxe5 Qe7 17. Ne2 Qg5 18. Qd2 Qxg2 19. 0-0-0 Qh3 20. Rdg1 Qh4 21. Rg6 f4 22. exf4 Nxf4 23. Nxf4 Qxf4 24. Rhg1 Qxd2+ 25. Kxd2 Rf7 26. Rxh6 Bf5 27. e6 Rff8 28. Bxf5 Rxf5 29. Rhg6 Rf2+ 30. Ke3 Rxh2 31. Rxg7+ Kh8 32. e7 Rh7 33. Rg8+ Rxg8 34. Rxg8+ Kxg8 35. e8Q+ Kg7 36. Kf4 Kf6 37. Qe5+ Kf7 38. Kg5 a6 39. Qf6+ Kg8 40. Kg6 1-0

[Event "HUN-chT2 Szechenyi 1112"]
[Site "Hungary"]
[Date "2012.05.20"]
[Round "11.5"]
[White "Suket, Ferenc"]
[Black "Havasi, Jozsef"]
[Result "1/2-1/2"]
[WhiteElo "2049"]
[BlackElo "1890"]
[PlyCount "120"]
[EventDate "2011.09.25"]
[EventType "team-tourn"]
[EventRounds "11"]
[EventCountry "HUN"]
[SourceTitle "EXT 2013"]
[Source "ChessBase"]
[SourceDate "2012.11.22"]
[SourceVersion "1"]
[SourceVersionDate "2012.11.22"]
[SourceQuality "1"]
[WhiteTeam "Keszthely"]
[BlackTeam "Sarvar"]
[WhiteTeamCountry "HUN"]
[BlackTeamCountry "HUN"]

1. e4 e5 2. Bc4 Nf6 3. d3 h6 4. Ne2 c6 5. 0-0 b5 6. Bb3 g5 7. Ng3 d6 8. d4 Qe7 9. Re1 Bg7 10. dxe5 dxe5 11. Nh5 0-0 12. c4 bxc4 13. Bxc4 Rd8 14. Nxf6+ Qxf6 15. Qe2 Bb7 16. Be3 Nd7 17. Nc3 Nf8 18. Ba6 Bxa6 19. Qxa6 Qe6 20. Rad1 Rdc8 21. b3 Ng6 22. Qb7 Rcb8 23. Qd7 Nf8 24. Qxe6 Nxe6 25. Rd7 a6 26. Na4 Bf8 27. Rc1 Rd8 28. Rxd8 Rxd8 29. Kf1 Rc8 30. Bc5 Bxc5 31. Nxc5 Nxc5 32. Rxc5 f6 33. Ke2 Kf7 34. b4 Ke6 35. Kd3 Kd6 36. Ra5 Ra8 37. Kc4 Kc7 38. Ra3 Kb6 39. Rd3 h5 40. Rd6 Rf8 41. Rd7 h4 42. a4 a5 43. bxa5+ Kxa5 44. Kc5 Kxa4 45. Kxc6 Kb4 46. Kd5 Kc3 47. Ke6 Ra8 48. Kxf6 Ra2 49. Kxg5 Rxf2 50. Kxh4 Rxg2 51. Rd5 Rxh2+ 52. Kg5 Rf2 53. Rxe5 Kd4 54. Re8 Rg2+ 55. Kf4 Rf2+ 56. Kg4 Rf7 57. Kg5 Rf3 58. e5 Ke4 59. e6 Ke5 60. e7 Rf7 1/2-1/2

[Event "HUN-chT2 Szechenyi 0910"]
[Site "Hungary"]
[Date "2010.01.31"]
[Round "5.2"]
[White "Sardy, Peter"]
[Black "Suket, Ferenc"]
[Result "1-0"]
[WhiteElo "2315"]
[BlackElo "2077"]
[PlyCount "51"]
[EventDate "2009.11.08"]
[EventType "team-tourn"]
[EventRounds "11"]
[EventCountry "HUN"]
[SourceTitle "EXT 2011"]
[Source "ChessBase"]
[SourceDate "2010.11.26"]
[SourceVersion "1"]
[SourceVersionDate "2010.11.26"]
[SourceQuality "1"]
[WhiteTeam "Lovo"]
[BlackTeam "Kertvaros"]
[WhiteTeamCountry "HUN"]
[BlackTeamCountry "HUN"]

1. e4 e5 2. Nf3 Nc6 3. Bb5 d6 4. d4 exd4 5. Qxd4 Bd7 6. Bxc6 Bxc6 7. Bg5 Nf6 8. Nc3 Be7 9. 0-0-0 0-0 10. Rhe1 h6 11. Bf4 Re8 12. Qc4 Ng4 13. h3 Nf6 14. Ne5 Rf8 15. Ng6 Re8 16. Ne5 Rf8 17. Nxc6 bxc6 18. Qxc6 Nh5 19. Be3 Bg5 20. e5 Rb8 21. exd6 cxd6 22. Qxd6 Bxe3+ 23. Rxe3 Qg5 24. Qd5 Qxd5 25. Nxd5 Rb5 26. Re5 1-0

[Event "HUN-chT2 Szechenyi 0910"]
[Site "Hungary"]
[Date "2009.12.06"]
[Round "3.2"]
[White "Kiss, Robert"]
[Black "Suket, Ferenc"]
[Result "1-0"]
[WhiteElo "2106"]
[BlackElo "2077"]
[PlyCount "103"]
[EventDate "2009.11.08"]
[EventType "team-tourn"]
[EventRounds "11"]
[EventCountry "HUN"]
[SourceTitle "EXT 2011"]
[Source "ChessBase"]
[SourceDate "2010.11.26"]
[SourceVersion "1"]
[SourceVersionDate "2010.11.26"]
[SourceQuality "1"]
[WhiteTeam "Arboretum"]
[BlackTeam "Kertvaros"]
[WhiteTeamCountry "HUN"]
[BlackTeamCountry "HUN"]

1. d4 d5 2. Bg5 h6 3. Bh4 Nf6 4. Bxf6 exf6 5. e3 Bd6 6. Bd3 Bd7 7. Ne2 Nc6 8. a3 Ne7 9. c4 c6 10. Nbc3 f5 11. cxd5 cxd5 12. 0-0 0-0 13. Qb3 Bc6 14. Nb5 Bb8 15. Qc2 a6 16. Nbc3 Qd6 17. g3 g6 18. b4 Qf6 19. a4 Bd7 20. Rfe1 Rc8 21. Qb2 h5 22. Nf4 Bxf4 23. gxf4 Kg7 24. Be2 Kh6 25. Kh1 Rg8 26. Rg1 Rg7 27. Bf3 Qd6 28. b5 a5 29. Ne2 h4 30. Rac1 f6 31. Rc5 b6 32. Rc2 Rgg8 33. Rgc1 Rac8 34. Rxc8 Rxc8 35. Rxc8 Bxc8 36. Qc3 g5 37. fxg5+ fxg5 38. Nc1 g4 39. Bg2 f4 40. exf4 Qxf4 41. Nd3 Qd6 42. Qc1+ Kg6 43. Ne5+ Kh5 44. h3 Qf6 45. Qe3 Qg5 46. hxg4+ Bxg4 47. Nxg4 Nf5 48. Qxg5+ Kxg5 49. Ne3 Nxd4 50. Nxd5 Ne2 51. Nxb6 Nc3 52. Kh2 1-0

[Event "HUN-chT2 Szechenyi 0910"]
[Site "Hungary"]
[Date "2009.05.02"]
[Round "11.2"]
[White "Suket, Ferenc"]
[Black "Rozsa, Peter"]
[Result "0-1"]
[WhiteElo "2077"]
[BlackElo "2207"]
[PlyCount "68"]
[EventDate "2009.11.08"]
[EventType "team-tourn"]
[EventRounds "11"]
[EventCountry "HUN"]
[SourceTitle "EXT 2011"]
[Source "ChessBase"]
[SourceDate "2010.11.26"]
[SourceVersion "1"]
[SourceVersionDate "2010.11.26"]
[SourceQuality "1"]
[WhiteTeam "Kertvaros"]
[BlackTeam "Keszthely"]
[WhiteTeamCountry "HUN"]
[BlackTeamCountry "HUN"]

1. e4 d5 2. exd5 Qxd5 3. Nc3 Qa5 4. Nf3 Nf6 5. h3 c6 6. Bc4 Bf5 7. 0-0 e6 8. d3 Nbd7 9. Bd2 Qb6 10. Rb1 Be7 11. Be3 Qc7 12. Nd4 Bg6 13. f4 e5 14. fxe5 Nxe5 15. Bb3 0-0 16. Nf5 Bb4 17. Ne2 Neg4 18. hxg4 Nxg4 19. Bf4 Qb6+ 20. Nfd4 c5 21. c3 Ba5 22. Ng3 h5 23. Bd5 cxd4 24. c4 Qd8 25. Bxb7 Bc7 26. Bxc7 Qxc7 27. Qf3 Rae8 28. Rfe1 Re3 29. Rxe3 dxe3 30. Rd1 Re8 31. Bd5 e2 32. Re1 Re3 33. Bxf7+ Bxf7 34. Qa8+ Kh7 0-1

[Event "HUN-chT2 Szechenyi 0809"]
[Site "Hungary"]
[Date "2009.01.11"]
[Round "5.2"]
[White "Suket, Ferenc"]
[Black "Tomasics, Roland"]
[Result "1-0"]
[WhiteElo "2089"]
[BlackElo "2115"]
[PlyCount "157"]
[EventDate "2008.10.26"]
[EventType "team-tourn"]
[EventRounds "11"]
[EventCountry "HUN"]
[SourceTitle "EXT 2010"]
[Source "ChessBase"]
[SourceDate "2010.11.25"]
[SourceVersion "1"]
[SourceVersionDate "2010.11.25"]
[SourceQuality "1"]
[WhiteTeam "Kervaros"]
[BlackTeam "Haladas"]
[WhiteTeamCountry "HUN"]
[BlackTeamCountry "HUN"]

1. e4 c5 2. Nf3 d6 3. d4 cxd4 4. Nxd4 Nf6 5. Nc3 e6 6. Be2 Nc6 7. Be3 Be7 8. 0-0 0-0 9. Qd2 a6 10. a4 Qc7 11. f4 Bd7 12. Nb3 Nb4 13. a5 Rac8 14. Bb6 Qb8 15. Rac1 Bc6 16. Bf3 d5 17. e5 Nd7 18. Bd4 b5 19. Ne2 Bb7 20. c3 Nc6 21. Be3 Qc7 22. Ra1 Rfd8 23. Rfc1 Re8 24. Qd3 Ncb8 25. h3 Qc4 26. Qc2 Nc5 27. Nxc5 Bxc5 28. Qd2 Bxe3+ 29. Qxe3 Nd7 30. Nd4 Qc7 31. b4 Nf8 32. Ra2 Re7 33. Re2 Rce8 34. g3 Bc8 35. Kg2 Nd7 36. Ree1 Nb8 37. Be2 Bd7 38. Bd3 Nc6 39. Nb3 Bc8 40. Bb1 g6 41. h4 Qa7 42. Qd3 Rc7 43. h5 Bb7 44. hxg6 fxg6 45. Nc5 Nxa5 46. Nxe6 Rxe6 47. bxa5 d4+ 48. Kh3 Rec6 49. Ba2+ Kg7 50. c4 Bc8+ 51. Kg2 Bf5 52. Qf3 bxc4 53. g4 Bc8 54. f5 gxf5 55. gxf5 Qb7 56. Kg3 Bxf5 57. Rxc4 Rxc4 58. Qxf5 Rc3+ 59. Kh4 R7c6 60. Rg1+ Rg6 61. Qf6+ Kh6 62. Qf8+ Qg7 63. Qf4+ Rg5 64. Rxg5 Rh3+ 65. Kxh3 Qxg5 66. Qxg5+ Kxg5 67. Bc4 Kf5 68. e6 Kf6 69. Kg4 Ke7 70. Kf5 h5 71. Kg5 d3 72. Bxd3 Kxe6 73. Bxa6 Kd6 74. Bf1 Kc7 75. Kxh5 Kb7 76. Kg5 Kc7 77. Kf6 Kd6 78. a6 Kc7 79. Ke5 1-0

[Event "HUN-chT2 Szechenyi 0809"]
[Site "Hungary"]
[Date "2009.01.04"]
[Round "6.2"]
[White "Sardy, Peter"]
[Black "Suket, Ferenc"]
[Result "1-0"]
[WhiteElo "2303"]
[BlackElo "2089"]
[PlyCount "51"]
[EventDate "2008.10.26"]
[EventType "team-tourn"]
[EventRounds "11"]
[EventCountry "HUN"]
[SourceTitle "EXT 2010"]
[Source "ChessBase"]
[SourceDate "2010.11.25"]
[SourceVersion "1"]
[SourceVersionDate "2010.11.25"]
[SourceQuality "1"]
[WhiteTeam "Lovo"]
[BlackTeam "Kervaros"]
[WhiteTeamCountry "HUN"]
[BlackTeamCountry "HUN"]

1. e4 e5 2. Nf3 Nc6 3. Bb5 d6 4. d4 exd4 5. Qxd4 Bd7 6. Bxc6 Bxc6 7. Nc3 Nf6 8. Bg5 Be7 9. 0-0-0 0-0 10. Rhe1 h6 11. Bf4 Nd7 12. Qd2 Bf6 13. Nd4 Bxd4 14. Qxd4 Qf6 15. Qd2 Rfe8 16. f3 a5 17. Be3 Ne5 18. Bd4 Qe6 19. f4 Nc4 20. Qd3 b5 21. b3 Na3 22. f5 Qd7 23. Qg3 f6 24. Bxf6 b4 25. Nd5 a4 26. e5 1-0

[Event "HUN-chT2 Szechenyi 0506"]
[Site "Hungary"]
[Date "2006.01.22"]
[Round "6"]
[White "Suket, Ferenc"]
[Black "Horvath, Laszlo1111"]
[Result "1-0"]
[WhiteElo "2107"]
[BlackElo "2059"]
[PlyCount "71"]
[EventDate "2005.10.16"]
[EventType "team"]
[EventRounds "11"]
[EventCountry "HUN"]
[SourceTitle "EXT 2009"]
[Source "ChessBase"]
[SourceDate "2008.11.26"]
[SourceVersion "1"]
[SourceVersionDate "2008.11.26"]
[SourceQuality "1"]
[WhiteTeam "Lenti"]
[BlackTeam "Gyor Komszomol"]
[WhiteTeamCountry "HUN"]
[BlackTeamCountry "HUN"]

1. e4 Nf6 2. Nc3 d5 3. exd5 Nxd5 4. Qf3 e6 5. Nxd5 Qxd5 6. Qxd5 exd5 7. d4 Nc6 8. c3 Bd6 9. Bd3 0-0 10. Ne2 Ne7 11. 0-0 Bf5 12. Bxf5 Nxf5 13. Re1 Rfe8 14. Bd2 Re4 15. Rad1 Rae8 16. Nc1 R8e6 17. Rxe4 dxe4 18. Re1 Kf8 19. Nb3 b6 20. Be3 Nh4 21. Re2 f5 22. d5 Rg6 23. g3 f4 24. Bxf4 Nf3+ 25. Kg2 Nh4+ 26. Kf1 Bxf4 27. Rxe4 Bxg3 28. hxg3 Nf5 29. Ke2 Ne7 30. c4 Rd6 31. Nd4 c6 32. Rxe7 Kxe7 33. Nf5+ Kd7 34. Nxd6 Kxd6 35. dxc6 Kxc6 36. b4 1-0

[Event "HUN-chT2 Szechenyi 0506"]
[Site "Hungary"]
[Date "2005.12.04"]
[Round "5"]
[White "Presznyak, Istvan"]
[Black "Suket, Ferenc"]
[Result "1-0"]
[WhiteElo "2305"]
[BlackElo "2107"]
[PlyCount "47"]
[EventDate "2005.10.16"]
[EventType "team"]
[EventRounds "11"]
[EventCountry "HUN"]
[SourceTitle "EXT 2009"]
[Source "ChessBase"]
[SourceDate "2008.11.26"]
[SourceVersion "1"]
[SourceVersionDate "2008.11.26"]
[SourceQuality "1"]
[WhiteTeam "Tapolca Varju"]
[BlackTeam "Lenti"]
[WhiteTeamCountry "HUN"]
[BlackTeamCountry "HUN"]

1. e4 e5 2. Nf3 Nc6 3. Bc4 Bc5 4. 0-0 Nf6 5. c3 Nxe4 6. d4 exd4 7. cxd4 Bb6 8. Nc3 Nxc3 9. Re1+ Kf8 10. bxc3 h6 11. Ne5 d5 12. Ba3+ Kg8 13. Nxf7 Kxf7 14. Qf3+ Qf6 15. Qxd5+ Kg6 16. Bd3+ Bf5 17. Bxf5+ Qxf5 18. Re6+ Qxe6 19. Qxe6+ Kh7 20. Qf5+ Kg8 21. Re1 Rd8 22. g4 a6 23. f4 Na7 24. Qg6 1-0